Encyclopédie géographique de Poche. (Record no. 59509)

MARC details
000 -LEADER
campo de control de longitud fija 00443nam a2200145 i 4500
001 - NÚMERO DE CONTROL
campo de control 59509
003 - IDENTIFICADOR DE NÚMERO DE CONTROL
campo de control ES-MaACL
005 - FECHA Y HORA DE LA ÚLTIMA TRANSACCIÓN
campo de control 20230906164038.0
007 - CAMPO FIJO DE DESCRIPCIÓN FÍSICA--INFORMACIÓN GENERAL
campo de control de longitud fija t|
008 - DATOS DE LONGITUD FIJA--INFORMACIÓN GENERAL
campo de control de longitud fija 031029s1948 fr ||||1| fre d
245 00 - MENCIÓN DEL TÍTULO
Título Encyclopédie géographique de Poche.
260 ## - PUBLICACIÓN, DISTRIBUCIÓN, ETC.
Lugar de publicación, distribución, etc. Paris :
Nombre del editor, distribuidor, etc. Sociéte Parisienne d'Edition,
Fecha de publicación, distribución, etc. [1948] (
Fabricante Novare Institut Géographique De Agostini)
300 ## - DESCRIPCIÓN FÍSICA
Extensión 444 p. :
Otras características físicas map. ;
Dimensiones 16 cm.
852 ## - LOCALIZACIÓN
Ubicación ES-MaACL
Número de control de estantería D-6700
Sublocalización o colección R.30054

No items available.